[Event "Commonwealth-ch"]
[Site "Glasgow"]
[Date "2014.07.06"]
[Round "7"]
[White "Leckie, Robert"]
[Black "O'Rourke, Bryan"]
[Result "1-0"]
[WhiteElo "1182"]
[BlackElo "1474"]
[PlyCount "85"]
[EventDate "2014.06.30"]
[EventType "swiss"]
[EventRounds "9"]
[EventCountry "SCO"]
[SourceTitle "CBM 161 Extra"]
[Source "ChessBase"]
[SourceDate "2014.08.29"]
[SourceVersion "1"]
[SourceVersionDate "2014.08.29"]
[SourceQuality "1"]

1. d4 Nf6 2. Bf4 b6 3. Nf3 Bb7 4. e3 Nh5 5. Bg3 Nxg3 6. hxg3 e6 7. Nbd2 Be7 8. c3 d6 9. Bd3 h6 10. Be4 c6 11. Qb3 Nd7 12. c4 d5 13. cxd5 cxd5 14. Bd3 a6 15. 0-0 f5 16. Rac1 h5 17. Rfd1 Kf7 18. Kf1 g5 19. Ke2 g4 20. Ne5+ Nxe5 21. dxe5 h4 22. gxh4 Rxh4 23. Rh1 b5 24. Rxh4 Bxh4 25. g3 Be7 26. Rh1 Rc8 27. Qd1 Qc7 28. Rh7+ Ke8 29. Qh1 Kd7 30. Qh4 Re8 31. Qf6 Bc8 32. Nb3 Kc6 33. Qf7 Bd7 34. Nd4+ Kb7 35. Nxe6 Qxe5 36. Nc5+ Kc8 37. Nxd7 Qxb2+ 38. Kf1 Kxd7 39. Bxf5+ Kd8 40. Qxd5+ Kc7 41. Qc5+ Kb8 42. Qb6+ Ka8 43. Be4# 1-0

[Event "Commonwealth-ch"]
[Site "Glasgow"]
[Date "2014.07.01"]
[Round "2"]
[White "Brown, Steven A"]
[Black "Leckie, Robert"]
[Result "1/2-1/2"]
[WhiteElo "2069"]
[BlackElo "1182"]
[PlyCount "108"]
[EventDate "2014.06.30"]
[EventType "swiss"]
[EventRounds "9"]
[EventCountry "SCO"]
[SourceTitle "CBM 161 Extra"]
[Source "ChessBase"]
[SourceDate "2014.08.29"]
[SourceVersion "1"]
[SourceVersionDate "2014.08.29"]
[SourceQuality "1"]

1. d4 d5 2. c4 c6 3. Nf3 Nf6 4. e3 e6 5. Bd3 dxc4 6. Bxc4 Be7 7. 0-0 0-0 8. a4 b6 9. Qe2 Bb7 10. Rd1 Qc7 11. Nc3 Nbd7 12. e4 c5 13. d5 exd5 14. exd5 a6 15. Bg5 Bd6 16. Qd3 Rfe8 17. Bh4 h6 18. Re1 Nh7 19. Ne4 Ne5 20. Nxe5 Bxe5 21. Bg3 Bxg3 22. hxg3 Qd7 23. Nc3 Nf6 24. Rxe8+ Nxe8 25. Ne4 Nd6 26. Nxd6 Qxd6 27. Rd1 a5 28. Qf5 Rd8 29. b3 Bc8 30. Qf4 Qxf4 31. gxf4 Rd6 32. f3 Kf8 33. Kf2 Bd7 34. Ke3 f5 35. Kf2 Kf7 36. Rf1 Kf6 37. Ke3 Be8 38. g4 Bf7 39. Rd1 g6 40. Kf2 h5 41. Kg3 fxg4 42. fxg4 hxg4 43. Kxg4 Be6+ 44. Kg3 Bf5 45. Re1 Bd7 46. Re5 Bf5 47. Re8 Kf7 48. Re3 Bd7 49. Kh4 Kf6 50. Re5 Bf5 51. Re8 Kf7 52. Re5 Kf6 53. Re3 Bd7 54. Kg3 Bf5 1/2-1/2

[Event "Commonwealth-ch"]
[Site "Glasgow"]
[Date "2014.06.30"]
[Round "1"]
[White "Leckie, Robert"]
[Black "Edwards, Simon R"]
[Result "1/2-1/2"]
[WhiteElo "1182"]
[BlackElo "1967"]
[PlyCount "48"]
[EventDate "2014.06.30"]
[EventType "swiss"]
[EventRounds "9"]
[EventCountry "SCO"]
[SourceTitle "CBM 161 Extra"]
[Source "ChessBase"]
[SourceDate "2014.08.29"]
[SourceVersion "1"]
[SourceVersionDate "2014.08.29"]
[SourceQuality "1"]

1. d4 Nf6 2. Bf4 c5 3. c3 cxd4 4. cxd4 Qb6 5. Qc2 Nc6 6. e3 Nd5 7. Bg3 Ncb4 8. Qb3 Qg6 9. Na3 e6 10. Rc1 Nc6 11. Nc2 Ndb4 12. a3 Nxc2+ 13. Qxc2 Qxc2 14. Rxc2 Be7 15. Bd3 0-0 16. Nf3 a6 17. 0-0 b5 18. b4 Bb7 19. Nd2 h6 20. Rfc1 Rfc8 21. Ne4 a5 22. Nd6 Bxd6 23. Bxd6 axb4 24. axb4 Na7 1/2-1/2